| 000 | 00811nam a2200205 a 4500 | ||
|---|---|---|---|
| 008 | 120924s2009 ||||||||||||||||| || u | ||
| 020 | _a9780538739528 | ||
| 050 | _aQA 154.2 KAU | ||
| 100 | _aKaufmann, Jerome E | ||
| 245 | 1 | 0 |
_aCollege algebra. (7th ed.) _cJerome E. Kaufmann; Karen L. Schwitters |
| 250 | _a7th ed. | ||
| 260 |
_aAustralia: _bBrooks/Cole _c2009 |
||
| 300 | _axiv, 729p.: ill. | ||
| 500 | _aDonated by Counsellor Kang'ombe | ||
| 650 | 0 | _aALGEBRA | |
| 650 | 0 | _aALGEBRAS, LINEAR | |
| 700 | _aSchwitters, Karen L | ||
| 995 |
_aSHORT LOAN BOOKS _e743294 _FCBU-MAIN LIBRARY (Kitwe) _jQA 154.2 KAU _M1 _UAVAILABLE _WSep 26, 2012 _y743294 _ZShort Loan Collection |
||
| 995 |
_aSHORT LOAN BOOKS _e743293 _FCBU-MAIN LIBRARY (Kitwe) _jQA 154.2 KAU _M2 _UAVAILABLE _WSep 26, 2012 _y743293 _ZShort Loan Collection |
||
| 999 |
_c79454 _d79454 |
||